| 000 | 01060cab a2200241 4500 | ||
|---|---|---|---|
| 001 | X1631 | ||
| 008 | 090401t1994 xxu||||| |||| 00| 0 eng d | ||
| 035 | _a(Sirsi) u18252 | ||
| 041 | _aeng | ||
| 245 | _aGeha v SoS Environment | ||
| 260 | _c1994 | ||
| 350 | _a0 | ||
| 490 |
_aJournal of Planning and Environment Law _v(1994) JPEL 717-723(7) |
||
| 520 | _aInstallation of unauthorised dormer window - adjoining property - appeal against enforcement notice rejected following written representations - whether Inspector in breach of natural justice in taking into account the `impression of overlooking` without giving opportunity for further comment - held that the Written Representations regulations do not require late representations to be excluded - the significance of s187A. Journal abstract | ||
| 650 | _aDORMER WINDOWS | ||
| 650 | _aOVERLOOKING | ||
| 650 | _aPLANNING PERMISSION | ||
| 650 | _aWINDOWS | ||
| 650 | _aWRITTEN REPRESENTATION REGULATIONS | ||
| 690 | _aPLANNING LAW AND PRACTICE-CASE LAW | ||
| 942 | _n0 | ||
| 948 | _c04/03/1997 | ||
| 999 |
_c12112 _d12112 |
||